Daňové povinnosti prekladateľa v rokoch 2002 a 2003
Pri zdaňovaní príjmov prekladateľa vychádzame zo zákona č. 366/1999 Z.z. o daniach z príjmov v znení neskorších predpisov. Druhy príjmov prekladateľa a spôsoby zdanenia. Príjmy zo závislej činnosti. Príjmy na základe autorského zákona a zákona o znalcoch a tlmočníkoch. Príjem na základe živnosti. Pr...
Guardado en:
| Autor principal: | |
|---|---|
| Formato: | Capítulo de libro |
| Lenguaje: | eslovaco |
| Materias: | |
| Etiquetas: |
Sin Etiquetas, Sea el primero en etiquetar este registro!
|
MARC
| LEADER | 00000naa a2200000 4500 | ||
|---|---|---|---|
| 001 | r046902 | ||
| 005 | 20230927070929.1 | ||
| 041 | 0 | |a slo | |
| 044 | |a SK | ||
| 245 | 1 | 0 | |a Daňové povinnosti prekladateľa v rokoch 2002 a 2003 |c Dagmar Piršelová |
| 520 | |a Pri zdaňovaní príjmov prekladateľa vychádzame zo zákona č. 366/1999 Z.z. o daniach z príjmov v znení neskorších predpisov. Druhy príjmov prekladateľa a spôsoby zdanenia. Príjmy zo závislej činnosti. Príjmy na základe autorského zákona a zákona o znalcoch a tlmočníkoch. Príjem na základe živnosti. Príjem na základe občianskoprávneho vzťahu. | ||
| 610 | 2 | 0 | |a príjmy |
| 610 | 2 | 0 | |a zdaňovanie |
| 610 | 2 | 0 | |a dane |
| 610 | 2 | 0 | |a úpravy právne |
| 610 | 2 | 0 | |a prekladatelia |
| 100 | 1 | |a Piršelová, Dagmar | |